| 000 | 01006nam a2200241 a 4500 | ||
|---|---|---|---|
| 001 | BRCA_8807 | ||
| 005 | 20190320210423.0 | ||
| 008 | 210417s1795----sp-#######---#000-0#lat-# | ||
| 041 | _alat. | ||
| 044 | _asp | ||
| 084 |
_aBE187 _b.H46 1795 |
||
| 100 | 1 |
_aHenno, Francisci _921948 |
|
| 245 | 1 | 0 |
_aR.P. F. Francisci Henno Teologia dogm. Moral. et scholast in gratiam et juvamen studios ae juventutis franciscan ae F. F. Minor. Recollectorum _btomus primus complectens tractalus de deo uno, et trino, ac de actibus humanis... |
| 260 |
_aMatriti _bApud Benedictum cano _c1795 |
||
| 300 |
_aXII, 459 p. (t.1) _c21.1 x 15 cm. |
||
| 500 | _aSuperiorum permissu | ||
| 500 | _aSs hallará en la librería de Quiroga, calle de la Concepción Gerónima | ||
| 500 | _aEstado físico: presenta encuadernación en pergamino con cantos decorados | ||
| 650 | 1 | 4 |
_aMoral cristiana _yObras anteriores a 1800 _921666 |
| 650 | 1 | 4 |
_aTeología dogmática _yObras anteriores a 1800 _921949 |
| 902 | _aCFM | ||
| 942 |
_2lcc _cB |
||
| 999 |
_c8458 _d8458 |
||